000 00385pab a2200145 454500
008 180718b2004 xxu||||| |||| 00| 0 eng d
100 _aSinha, Abhishek et al.
245 _aRelationship between corporate growth and profitability
260 _c2004
300 _ap.425-42.
362 _aJan
650 _aFinancial markets
773 _aIndian Journal of Economics
909 _a59871
999 _c59871
_d59871